| 000 | 00407nam a22001457a 4500 | ||
|---|---|---|---|
| 999 |
_c527699 _d527699 |
||
| 082 | _a658 | ||
| 100 | _aBilal Atif | ||
| 245 |
_aBig Data and its Application / _cAtif Bilal. |
||
| 260 |
_aIslamabad: _bNBS - NUST, _c2014. |
||
| 300 |
_a61 p. : ill. ; _c30cm. |
||
| 942 |
_2ddc _cTHE |
||
| 650 |
_aMBA Thesis. _917629 |
||
| 700 |
_aKamran Khalid. _918195 |
||